| 000 | 00371nam a2200157Ia 4500 | ||
|---|---|---|---|
| 005 | 20240930131742.0 | ||
| 008 | 240806s9999||||xx |||||||||||||| ||eng|| | ||
| 041 | _aeng | ||
| 082 |
_a364.973 _bGISF |
||
| 100 | _aGilbert, P. | ||
| 245 | 0 |
_aFundamentals of sociology / _cGilbert, P. |
|
| 260 | _bOrient Black Swan | ||
| 300 | _a390p. | ||
| 650 | _aSociology | ||
| 942 | _cBK | ||
| 999 |
_c1126 _d1126 |
||